| 000 | 00511nam a2200181Ia 4500 | ||
|---|---|---|---|
| 999 |
_c653 _d653 |
||
| 003 | OSt | ||
| 005 | 20200915105223.0 | ||
| 008 | 190216s9999||||xx |||||||||||||| ||und|| | ||
| 020 | _a9788178984438 | ||
| 040 | _coclc | ||
| 082 |
_a492.7 _bRAS/A |
||
| 100 |
_aRashid, M Harun _94584 |
||
| 245 | 0 |
_aArabic Phrase Book / _cM Harun Rashid ; Khalid Perwez |
|
| 260 |
_bGood Word Books, _aNew Delhi: _c2004. |
||
| 300 | _a87p | ||
| 650 | _aArabic | ||
| 942 |
_cBK _2ddc _h492.7 _iRAS/A _k492.7 _mRAS/A |
||